Drapeaux des régions d'Australie - Statistiques

Statistiques générales
  • Ce quiz a été pris 228 fois
  • Le résultat moyen est 5 sur 9
Statistiques - réponses
Par images Réponse % Correct
Queensland
77%
Victoria
72%
Tasmanie
68%
Australie Occidentale
60%
Territoire du Nord
59%
Nouvelle Galles du Sud
57%
Australie Méridionale
52%
Territoire de la capitale australienne
52%
Aborigènes d'Australie
23%
Aucun quiz correspondant
Distribution des résultats
% des personnes avec chaque résultat
Percentile par nombre de réponses
Votre historique - résultats
Vous n’avez pas pris ce quiz